000 00308nam a2200109Ia 4500
005 20251222144802.0
008 251222s9999||||xx |||||||||||||| ||spa||
082 _a374.012/P66
245 0 _aPlanes y Programas de Estudio de Educación Primaria de Adultos:
264 _bMinisterio de Educación
942 _cLIB
999 _c19774
_d19774